Sports Quiz

Random Sports or Tennis Quiz

The best of Women's tennis in 2011 Quiz Stats

 Plays Quiz not verified by Sporcle

Challenge
Share
Tweet
Embed
Score 0/84 Timer 06:00
0 Plays Today
Hint Answer % Correct
US Open Singles Runner-up (USA)Serena Williams
99.1%
Stanford Champion (USA)Serena Williams
99.1%
Toronto Champion (USA)Serena Williams
99.1%
French Open Singles Semifinalist (RUS)Maria Sharapova
95.7%
Wimbledon Singles Runner-up (RUS)Maria Sharapova
95.7%
Rome Champion (RUS)Maria Sharapova
95.7%
Cincinnati Champion (RUS)Maria Sharapova
95.7%
Australian Open Singles Semifinalist (DEN)Caroline Wozniacki
95.3%
US Open Singles Semifinalist (DEN)Caroline Wozniacki
95.3%
Dubai Champion (DEN)Caroline Wozniacki
95.3%
Indian Wells Champion (DEN)Caroline Wozniacki
95.3%
Charleston Champion (DEN)Caroline Wozniacki
95.3%
Brussels Champion (DEN)Caroline Wozniacki
95.3%
Copenhagen Champion (DEN)Caroline Wozniacki
95.3%
New Haven Champion (DEN)Caroline Wozniacki
95.3%
Australian Open Singles Runner-up (CHN)Li Na
94.4%
French Open Singles Champion (CHN)Li Na
94.4%
Sydney Champion (CHN)Li Na
94.4%
Wimbledon Singles Champion (CZE)Petra Kvitová
93.6%
Wimbledon Singles Semifinalist (BLR)Victoria Azarenka
93.6%
WTA Finals Singles Champion (CZE)Petra Kvitová
93.6%
WTA Finals Singles Runner-up (BLR)Victoria Azarenka
93.6%
Brisbane Champion (CZE)Petra Kvitová
93.6%
Paris Champion (CZE)Petra Kvitová
93.6%
Miami Champion (BLR)Victoria Azarenka
93.6%
Marbella Champion (BLR)Victoria Azarenka
93.6%
Madrid Champion (CZE)Petra Kvitová
93.6%
Linz Champion (CZE)Petra Kvitová
93.6%
Hint Answer % Correct
Luxembourg Champion (BLR)Victoria Azarenka
93.6%
Australian Open Singles Champion (BEL)Kim Clijsters
93.1%
US Open Singles Semifinalist (GER)Angelique Kerber
93.1%
US Open Singles Champion (AUS)Samantha Stosur
92.3%
French Open Singles Runner-up (ITA)Francesca Schiavone
91.4%
French Open Singles Semifinalist (FRA)Marion Bartoli
89.7%
Eastbourne Champion (FRA)Marion Bartoli
89.7%
Osaka Champion (FRA)Marion Bartoli
89.7%
Australian Open Doubles Champions (ARG/ITA)Gisela Dulko & Flavia Pennetta
89.3%
Wimbledon Singles Semifinalist (GER)Sabine Lisicki
88.4%
Birmingham Champion (GER)Sabine Lisicki
88.4%
Dallas Champion (GER)Sabine Lisicki
88.4%
Barcelona Champion (ITA)Roberta Vinci
87.6%
's-Hertogenbosch Champion (ITA)Roberta Vinci
87.6%
Budapest Champion (ITA)Roberta Vinci
87.6%
San Diego Champion (POL)Agnieszka Radwańska
86.3%
Tokyo Champion (POL)Agnieszka Radwańska
86.3%
Beijing Champion (POL)Agnieszka Radwańska
86.3%
Pattaya City Champion (SVK)Daniela Hantuchová
85.4%
Moscow Champion (SVK)Dominika Cibulková
84.5%
Australian Open Singles Semifinalist (RUS)Vera Zvonareva
82.8%
Doha Champion (RUS)Vera Zvonareva
82.8%
Baku Champion (RUS)Vera Zvonareva
82.8%
Hopman Cup ChampionUSA
82%
Fed Cup ChampionCzech Republic
80.7%
Bali Champion (SRB)Ana Ivanović
80.3%
French Open Doubles Champions (CZE/CZE)Andrea Hlaváčková & Lucie Hradecká
79.4%
Australian Open Mixed Doubles Champions (SLV/CAN)Katarina Srebotnik & Daniel Nestor
78.1%
Hint Answer % Correct
US Open Doubles Champions (USA/USA)Liezel Huber & Lisa Raymond
76.4%
WTA Finals Doubles Champions (USA/USA)Liezel Huber & Lisa Raymond
76.4%
Strasbourg Champion (GER)Andrea Petkovic
76.4%
Fed Cup Runner-upRussia
75.5%
Wimbledon Doubles Champions (CZE/SLV)Květa Peschke & Katarina Srebotnik
74.7%
WTA Finals Doubles Runners-up (CZE/SLV)Květa Peschke & Katarina Srebotnik
74.7%
Acapulco Champion (ARG)Gisela Dulko
74.7%
Washington Champion (RUS)Nadia Petrova
74.2%
Monterrey Champion (RUS)Anastasia Pavlyuchenkova
73%
Stuttgart Champion (GER)Julia Goerges
65.7%
Bad Gastein Champion (ESP)María José Martínez Sánchez
64.8%
Seoul Champion (ESP)María José Martínez Sánchez
64.8%
Memphis Champion (SVK)Magdaléna Rybáriková
63.5%
Estoril Champion (ESP)Anabel Medina Garrigues
63.5%
Palermo Champion (ESP)Anabel Medina Garrigues
63.5%
Hobart Champion (AUS)Jarmila Groth
61.4%
Båstad Champion (SLV)Polona Hercog
60.1%
French Open Mixed Doubles Champions (AUS/USA)Casey Dellacqua & Scott Lipsky
59.7%
Wimbledon Mixed Doubles Champions (CZE/AUT)Iveta Benešová & Jürgen Melzer
59.2%
Québec City Champion (CZE)Barbora Záhlavová-Strýcová
57.1%
Kuala Lumpur Champion (AUS)Jelena Dokić
52.8%
US Open Mixed Doubles Champions (USA/USA)Melanie Oudin & Jack Sock
51.5%
Guangzhou Champion (RSA)Chanelle Scheepers
51.1%
Auckland Champion (HUN)Gréta Arn
49.8%
Hopman Cup Runner-upBelgium
44.6%
Bogotá Champion (ESP)Lourdes Domínguez Lino
39.1%
Fes Champion (ITA)Alberta Brianti
36.1%
Tashkent Champion (RUS)Ksenia Pervak
29.2%

You're not logged in!

Compare scores with friends on all Sporcle quizzes.
OR
Log In

You Might Also Like...

Show Comments

Extras

Top Quizzes Today


Score Distribution

Your Account Isn't Verified!

In order to create a playlist on Sporcle, you need to verify the email address you used during registration. Go to your Sporcle Settings to finish the process.

Report this User

Report this user for behavior that violates our Community Guidelines.

Details: